The early landscapes of Frederic Edwin Church, 1845-1854 /

Bibliographic Details
Main Author: Kelly, Franklin
Corporate Author: Amon Carter Museum of Western Art
Other Authors: Carr, Gerald L., Church, Frederic Edwin, 1826-1900
Format: Book
Language:English
Published: Fort Worth, Tex. : Amon Carter Museum, 1987.
Series:Anne Burnett Tandy lectures in American civilization ; no. 6.
Subjects:

MARC

Tag First Indicator Second Indicator Subfields
LEADER 00000cam a2200000 a 4500
001 in00000019944
005 20151007053754.0
008 870130s1987 txuaf 00110 eng
010 |a  86071524  
020 |a 0883600781 :  |c $21.95 
035 |a (OCoLC)15195153 
035 |9 AAB2774AM 
040 |a DLC  |c DLC  |d TXA  |d UtOrBLW 
043 |a n-us--- 
049 |a TXAM  |c [A11051825] 
050 0 0 |a ND237.C52  |b K44 1987 
082 0 |a 759.13  |2 19 
100 1 |a Kelly, Franklin. 
245 1 4 |a The early landscapes of Frederic Edwin Church, 1845-1854 /  |c Franklin Kelly and Gerald L. Carr. 
264 1 |a Fort Worth, Tex. :  |b Amon Carter Museum,  |c 1987. 
300 |a xi, 159 pages, 9 unnumbered pages of plates :  |b illustrations (some color) ;  |c 27 cm. 
336 |a text  |b txt  |2 rdacontent 
337 |a unmediated  |b n  |2 rdamedia 
338 |a volume  |b nc  |2 rdacarrier 
490 1 |a Anne Burnett Tandy lectures in American civilization ;  |v no. 6 
500 |a Includes catalogue of an exhibition of Church's early landscapes held at the Amon Carter Museum in 1984. 
500 |a Includes index. 
600 1 0 |a Church, Frederic Edwin,  |d 1826-1900  |x Criticism and interpretation. 
600 1 0 |a Church, Frederic Edwin,  |d 1826-1900  |x Childhood and youth. 
650 0 |a Landscape painting, American. 
650 0 |a Landscape painting, American  |y 19th century. 
700 1 |a Carr, Gerald L. 
700 1 |a Church, Frederic Edwin,  |d 1826-1900. 
710 2 |a Amon Carter Museum of Western Art. 
830 0 |a Anne Burnett Tandy lectures in American civilization ;  |v no. 6. 
999 |a MARS 
999 f f |s f6f7a43f-c09f-3ca2-9188-a7382a582a7e  |i 5eb3cd19-a82d-33a5-a060-0cd434773a9d  |t 0 
952 f f |p normal  |a Texas A&M University  |b College Station  |c Sterling C. Evans Library  |d Evans: Library Stacks  |t 0  |e ND237.C52 K44 1987  |h Library of Congress classification  |i unmediated -- volume  |m A14811051825 
998 f f |a ND237.C52 K44 1987  |t 0  |l Evans: Library Stacks